Philosophie der Gegenwart

Αποθηκεύτηκε σε:
Λεπτομέρειες βιβλιογραφικής εγγραφής
Άλλοι συγγραφείς: Speck, Josef 1927- (Επιμελητής έκδοσης)
Μορφή: Βιβλίο
Γλώσσα:German
Δημοσίευση: Gottingen : Vandenhoeck & Ruprecht, [1972-1975]
Σειρά:Uni-Taschenbucher ; ; 147, 183, 463
Θέματα:
Ετικέτες: Προσθήκη ετικέτας
Δεν υπάρχουν, Καταχωρήστε ετικέτα πρώτοι!

MARC

LEADER 00000cam a2200000 i 4500
001 1/39159
008 061211m19721975 ger d
020 |a 3-525-03303-6 (τ.1) 
020 |a 3-525-03304-4 (τ.2) 
020 |a 3-525-03305-2 (τ.3) 
035 |l 10086519 
040 |a GR-MY-UA  |b gre  |e aacr 
041 0 |a ger 
082 0 |a 180.9  |2 (22) 
245 1 0 |a Philosophie der Gegenwart /  |c herausgegeben von Josef Speck 
260 |a Gottingen :   |b Vandenhoeck & Ruprecht,   |c [1972-1975] 
300 |a 3τ. σε 1;  |c 19 εκ. 
490 1 |a Uni-Taschenbucher  |v ; 147, 183, 463 
500 |a Το τεκμήριο περιλαμβάνει και τους τρεις τόμους σε έναν 
505 0 |a Τ.1. Frege, Carnap, Wittgenstein, Popper, Russell, Whitehead. - τ.2. Scheler, Honigswald, Cassirer, Plessner, Merleau-Ponty, Gehlen. - τ.3. Moore, Goodman, Quine, Ryle, Strawson, Austin 
650 0 0 |a Philosophy, Ancient  |x History. 
650 0 0 |a Philosophy, Medieval  |x History. 
700 1 |a Speck, Josef  |d 1927-  |4 edt 
830 0 |a Uni-Taschenbucher ;  |v ; 147, 183, 463 
852 |a INST  |b RHODES  |c KRI  |e 20061211  |h  180.9 PHI  |p 005400020744  |q 005400020744  |t BK  |y 0 
901 |a BIBL4-2006-3 
909 |a Ρ  |b 123676 
970 |a ΚΟΖΑ  |b ΜΑΡΙΑ  |z 2006/12/11